Antología de los cuentos de Ferran de Pol / (Record no. 98563)

MARC details
000 -LEADER
campo de control de longitud fija 00763nam a2200241 i 4500
001 - NÚMERO DE CONTROL
campo de control 98563
003 - IDENTIFICADOR DE NÚMERO DE CONTROL
campo de control ES-MaACL
005 - FECHA Y HORA DE LA ÚLTIMA TRANSACCIÓN
campo de control 20240514182432.0
007 - CAMPO FIJO DE DESCRIPCIÓN FÍSICA--INFORMACIÓN GENERAL
campo de control de longitud fija t|
008 - DATOS DE LONGITUD FIJA--INFORMACIÓN GENERAL
campo de control de longitud fija 051006s1969 sp ||||1| cat d
080 ## - NÚMERO DE LA CLASIFICACIÓN DECIMAL UNIVERSAL
Número de la Clasificación Decimal Universal 849.9-321.2"19"
100 1# - ENTRADA PRINCIPAL--NOMBRE DE PERSONA
Nombre de persona Ferran de Pol, Lluís.
9 (RLIN) 50244
245 10 - MENCIÓN DEL TÍTULO
Título Antología de los cuentos de Ferran de Pol /
Mención de responsabilidad, etc. [Prólogo Felipe Cid ; versión J. Batlló].
260 ## - PUBLICACIÓN, DISTRIBUCIÓN, ETC.
Lugar de publicación, distribución, etc. Barcelona :
Nombre del editor, distribuidor, etc. Ed. Polígrafa,
Fecha de publicación, distribución, etc. [1969]
300 ## - DESCRIPCIÓN FÍSICA
Extensión 181 p. ;
Dimensiones 21 cm.
490 1# - MENCIÓN DE SERIE
Mención de serie La senda ;
Designación de volumen o secuencia 6
700 1# - ENTRADA AGREGADA--NOMBRE PERSONAL
Nombre de persona Cid, Felip,
Fechas asociadas al nombre 1930-2015
9 (RLIN) 38758
700 1# - ENTRADA AGREGADA--NOMBRE PERSONAL
Nombre de persona Batlló, José,
Fechas asociadas al nombre 1939-2016
9 (RLIN) 26456
830 0# - PUNTO DE ACCESO ADICIONAL DE SERIE-TÍTULO UNIFORME
Título uniforme La senda ;
Designación de volumen o secuencia 6
9 (RLIN) 182917
852 ## - LOCALIZACIÓN
Ubicación ES-MaACL
Número de control de estantería C-41494
Sublocalización o colección R.79782
852 ## - LOCALIZACIÓN
Ubicación ES-MaACL
Número de control de estantería C-39394
Sublocalización o colección R.72615
Holdings
Estatus retirado Estado de pérdida Estado de daño No para préstamo Biblioteca de origen Biblioteca actual Ubicación en estantería Fecha de adquisición Fuente de adquisición Total de préstamos Signatura topográfica completa Código de barras Visto por última vez Precio de reemplazo Tipo de ítem Koha
        Biblioteca del Ateneo de Madrid Biblioteca del Ateneo de Madrid Depósito 2 17/01/2008     C-39394 1102900 23/02/2023 23/02/2023 Libro impreso
        Biblioteca del Ateneo de Madrid Biblioteca del Ateneo de Madrid Depósito 2 17/01/2008     C-41494 1102899 23/02/2023 23/02/2023 Libro impreso